=LDR 00000nam 2200000 4500 =001 INLIS000000000027095 =005 20200803101555 =035 ##$$a 0010-061300000027095 =008 200803################g##########0#ind## =041 ##$$a Ind =082 ##$$a 2x5.2 =090 ##$$a 2x5.2, Ras p =100 ##$$a Raslan, Abu Abdullah Muhammad Bin Said =245 1#$$a Penyakit ilmu, /$c Abu Abdullah Muhammad Bin Said Raslan ; penerjemah, Imran Rosadi =260 ##$$a Jakarta :$b Cendekia,$c 2007 =300 ##$$a 262 hlm, ; $c 15,5 x 23 cm =650 #4$$a Tasawuf =850 ##$$a NBPNMAT =020 ##$$a 978-979-1144-13-1 =084 ##$$a 2x5.2 RAS p =250 ##$$a Cet. 1 =500 ##$$a Judul asli : Aafaatul 'ilmi =700 #$$a Imran Rosadi =990 ##$$a 20704799/pb.07